000 00452nam a2200181Ia 4500
001 5063
005 20260306145840.0
008 260306t2014||||xx |||||||||||||| ||spa||
041 _aESP
082 _a332.678
_bJ54
100 _aJiménez Díaz, Luis Alberto
_eAUT
245 0 _aFormulación y evaluación privada de proyectos
260 _c2014
300 _a167 páginas :
_c24 cm.
650 _aGEN
654 _aCAN
942 _cLIB
_dJUS
_fJUS
_2ddc
_n
999 _c5063
_d5063